000 00529nam a2200193Ia 4500
008 240729s9999 xx 000 0 und d
022 _a2430-3658
245 4 _aThe ReScience Journal
260 _aFrance
260 _bNicolas P. Rougier
650 _a Computer software
650 _a Electronic computers. Computer science
650 _a Instruments and machines
650 _a Mathematics
650 _aScience
856 _uhttps://doaj.org/toc/6bc241d578744f72b37eb17fd6d356e0
942 _2ddc
942 _cDOAJEJ
999 _c65671
_d65671
945 _a1
_bMadushi Gamage
_c1
_dMadushi Gamage